| 000 | 00683nam a22002057a 4500 | ||
|---|---|---|---|
| 999 |
_c15873 _d15873 |
||
| 003 | AR-CdUCM | ||
| 008 | 190430b ||||| |||| 00| 0 spa d | ||
| 040 |
_aMUNICIPALIDAD PROVINCIAL DEL CUSCO _cBIBLIOTECA MUNICIPAL DEL CUSCO |
||
| 082 |
_a869.018 / _bP41 |
||
| 100 |
_aPellegrini, Aldo _935070 |
||
| 245 | _aAntología de la poesía viva latinoamericana / | ||
| 260 |
_aBarcelona : _bSeix barral, _c1966. |
||
| 300 |
_a317 páginas ; _c19 cm. |
||
| 505 | _aContendido : Edgar Bayley -- Alberto Girri -- Francisco Madariaga ... | ||
| 650 |
_aAntología _9142 |
||
| 650 |
_aPoesía _9139 |
||
| 650 |
_aLatinoamericana _95799 |
||
| 942 |
_2ddc _cLIBROS |
||
| 945 |
_apjha _d2019-05-13 |
||